| Tag |
First Indicator |
Second Indicator |
Subfields |
| LEADER |
00000cam a2200000Ii 4500 |
| 001 |
in00001046830 |
| 005 |
20190220150136.0 |
| 008 |
811015s1981 txu s000 0 eng d |
| 035 |
|
|
|a (OCoLC)ocm07850844
|
| 040 |
|
|
|a IKM
|b eng
|e rda
|c IKM
|d OCL
|d OCLCQ
|d OCLCF
|d OCLCQ
|d OCLCO
|d TXA
|
| 035 |
|
|
|a (OCoLC)7850844
|
| 043 |
|
|
|a n-us-tx
|
| 050 |
|
4 |
|a S117
|b .E6 no.1852
|
| 086 |
|
|
|a Z TA245.7 L47 no. L-1852
|2 txdocs
|
| 049 |
|
|
|a TXAM
|
| 245 |
0 |
0 |
|a Planning the exterior /
|c Texas Agricultural Extension Service.
|
| 264 |
|
1 |
|a College Station, Texas :
|b Texas Agricultural Extension Service,
|c [1981]
|
| 300 |
|
|
|a 2 unnumbered pages :
|b illustrations ;
|c 28 cm.
|
| 336 |
|
|
|a text
|b txt
|2 rdacontent
|
| 337 |
|
|
|a unmediated
|b n
|2 rdamedia
|
| 338 |
|
|
|a volume
|b nc
|2 rdacarrier
|
| 490 |
1 |
|
|a L / [Texas Agricultural Extension Service] ;
|v 1852
|
| 500 |
|
|
|a "5M--2-81, New"--Colophon.
|
| 500 |
|
|
|a Title from caption.
|
| 500 |
|
|
|a The United States Department of Agriculture cooperating.
|
| 650 |
|
0 |
|a House construction.
|
| 650 |
|
0 |
|a Architecture, Domestic.
|
| 650 |
|
7 |
|a Architecture, Domestic.
|2 fast
|0 (OCoLC)fst00813666
|
| 650 |
|
7 |
|a House construction.
|2 fast
|0 (OCoLC)fst00961921
|
| 710 |
1 |
|
|a United States.
|b Department of Agriculture,
|e issuing body.
|
| 710 |
2 |
|
|a Texas Agricultural Extension Service,
|e issuing body.
|
| 830 |
|
0 |
|a L (Texas Agricultural Extension Service) ;
|v 1852.
|
| 856 |
4 |
1 |
|z Available online via OAK Trust Repository
|u https://oaktrust.library.tamu.edu/handle/1969.1/172900
|t 0
|
| 994 |
|
|
|a C0
|b TXA
|
| 999 |
f |
f |
|s 1c8e8d3f-72b9-3245-8d82-51a9c80d9cd9
|i 6c9c826d-fe9c-34c8-ac0f-b47c4f15b374
|t 0
|
| 952 |
f |
f |
|p normal
|a Texas A&M University
|b College Station
|c Sterling C. Evans Library
|d Evans: Texas Documents (Annex 5th floor)
|t 0
|e Z TA245.7 L47 no.1852
|h Superintendent of Documents classification
|i unmediated -- volume
|m A14836987407
|
| 998 |
f |
f |
|a Z TA245.7 L47 no.1852
|t 0
|l Evans: Texas Documents (Annex 5th floor)
|